[Event "Marburg op-A"]
[Site "Marburg"]
[Date "2023.10.27"]
[Round "2"]
[White "Kuhn, Gerhard"]
[Black "Kersten, Uwe"]
[Result "0-1"]
[WhiteElo "1959"]
[BlackElo "2229"]
[PlyCount "73"]
[EventDate "2023.10.26"]
[EventType "swiss"]
[EventRounds "7"]
[EventCountry "GER"]
[SourceTitle "CB49_2023"]
[SourceDate "2023.12.06"]
[SourceVersion "1"]
[SourceVersionDate "2023.12.06"]
[SourceQuality "1"]

1. e4 c5 2. c3 d5 3. exd5 Nf6 4. d4 Nxd5 5. Nf3 cxd4 6. cxd4 g6 7. Nc3 Bg7 8. Bb5+ Bd7 9. Qb3 Nxc3 10. bxc3 Nc6 11. 0-0 0-0 12. Re1 Na5 13. Qc4 Bxb5 14. Qxb5 Rb8 15. Ba3 a6 16. Qb4 e6 17. Qa4 Rc8 18. Ne5 b5 19. Qd1 Nc4 20. Nxc4 Rxc4 21. Qb3 Qd5 22. Bb4 Rfc8 23. h3 h5 24. Red1 Bf6 25. a4 Rxd4 26. Qxd5 Rxd5 27. Rxd5 exd5 28. axb5 axb5 29. Ra5 d4 30. cxd4 Rc1+ 31. Kh2 Bxd4 32. Rxb5 Bxf2 33. g4 hxg4 34. hxg4 Bd4 35. Rd5 Bf6 36. Bd2 Rd1 37. Rd6 0-1

[Event "Rhein Main op-A 25th"]
[Site "Bad Homburg"]
[Date "2023.06.10"]
[Round "5"]
[White "Kuhn, Gerhard"]
[Black "Qayumi, Roman"]
[Result "1-0"]
[WhiteElo "1929"]
[BlackElo "1762"]
[PlyCount "111"]
[EventDate "2023.06.07"]
[EventType "swiss"]
[EventRounds "7"]
[EventCountry "GER"]
[SourceTitle "CBM 215 Extra"]
[Source "ChessBase"]
[SourceDate "2023.09.30"]
[SourceVersion "1"]
[SourceVersionDate "2023.09.30"]
[SourceQuality "1"]

1. e4 c5 2. c3 Nf6 3. e5 Nd5 4. d4 cxd4 5. Nf3 Nc6 6. cxd4 d6 7. Bc4 dxe5 8. dxe5 Ndb4 9. Qxd8+ Nxd8 10. Na3 Bg4 11. 0-0 Bxf3 12. gxf3 e6 13. Be3 Be7 14. Rfd1 a6 15. f4 Ndc6 16. Bb3 b5 17. Nc2 Rd8 18. Rxd8+ Kxd8 19. Bb6+ Kc8 20. Nxb4 Nxb4 21. Rc1+ Kb8 22. Rd1 Kc8 23. f5 exf5 24. Bxf7 Nc6 25. Rc1 Kb7 26. Be3 Nxe5 27. Bd5+ Kb8 28. Bf4 Bd6 29. Kf1 h6 30. a4 Rd8 31. axb5 axb5 32. Ra1 g5 33. Be3 Kc8 34. Be6+ Kb7 35. Ra7+ Kb8 36. Ra5 b4 37. Bb6 Bc7 38. Bxc7+ Kxc7 39. Rxe5 Re8 40. Re2 f4 41. Bg4 Rd8 42. Re4 Rb8 43. b3 Rb6 44. Ke2 h5 45. Bxh5 Rh6 46. Bg4 Rxh2 47. Rxb4 Rg2 48. Kf3 Rg1 49. Rb5 Rb1 50. Ke4 Kc6 51. Rb8 Rb2 52. f3 Kc7 53. Rb4 Rd2 54. Rd4 Rb2 55. b4 Kc6 56. Kf5 1-0

[Event "Rhein Main op-A 25th"]
[Site "Bad Homburg"]
[Date "2023.06.09"]
[Round "4"]
[White "Oezdemir, Ali Oezden"]
[Black "Kuhn, Gerhard"]
[Result "1-0"]
[WhiteElo "2037"]
[BlackElo "1929"]
[PlyCount "83"]
[EventDate "2023.06.07"]
[EventType "swiss"]
[EventRounds "7"]
[EventCountry "GER"]
[SourceTitle "CBM 215 Extra"]
[Source "ChessBase"]
[SourceDate "2023.09.30"]
[SourceVersion "1"]
[SourceVersionDate "2023.09.30"]
[SourceQuality "1"]

1. e4 c6 2. d4 d5 3. e5 c5 4. dxc5 Nc6 5. Nf3 Bg4 6. c3 a5 7. Be3 e6 8. Nbd2 Nge7 9. h3 Bxf3 10. Nxf3 Nf5 11. Bd4 Be7 12. Bb5 Qc7 13. 0-0 0-0 14. Bxc6 Qxc6 15. b4 b6 16. g4 bxc5 17. bxc5 Nh4 18. Nxh4 Bxh4 19. Rb1 Rfc8 20. Rb6 Qe8 21. Qb3 Be7 22. Qb5 Rc7 23. Rb1 h6 24. Rb8 Rxb8 25. Qxb8 Qxb8 26. Rxb8+ Kh7 27. Rb5 a4 28. f4 Kg6 29. Kf1 f6 30. exf6 gxf6 31. Ke2 h5 32. Kd3 hxg4 33. hxg4 Bf8 34. Kc2 f5 35. g5 e5 36. Bxe5 Rxc5 37. Rb6+ Kh5 38. g6 Bh6 39. g7 Rc8 40. Rd6 d4 41. Rxd4 Rg8 42. Rd1 1-0

[Event "St Veit op 41st"]
[Site "St Veit"]
[Date "2022.07.09"]
[Round "1"]
[White "Kruckenhauser, Arthur"]
[Black "Kuhn, Gerhard"]
[Result "1-0"]
[WhiteElo "2303"]
[BlackElo "1979"]
[PlyCount "59"]
[EventDate "2022.07.09"]
[EventType "swiss"]
[EventRounds "9"]
[EventCountry "AUT"]
[SourceTitle "CBM 209 Extra"]
[Source "ChessBase"]
[SourceDate "2022.09.30"]
[SourceVersion "1"]
[SourceVersionDate "2022.09.30"]
[SourceQuality "1"]

1. e4 c6 2. c4 d5 3. exd5 cxd5 4. cxd5 Nf6 5. Nc3 Nxd5 6. Nf3 e6 7. d4 Be7 8. Bd3 Nc6 9. 0-0 0-0 10. Re1 Nxc3 11. bxc3 b6 12. Be4 Bb7 13. Ne5 Rc8 14. Qh5 f5 15. Bxc6 Bxc6 16. Re3 Be8 17. Qd1 Rc7 18. Bb2 Qc8 19. Qb3 Bd6 20. Ba3 Bxe5 21. Bxf8 Bxd4 22. cxd4 Rc1+ 23. Re1 Rxa1 24. Rxa1 Kxf8 25. Qa3+ Kg8 26. Rc1 Qd7 27. Qc3 Kf8 28. h3 b5 29. Qc5+ Kf7 30. Qe5 1-0

[Event "Rhein Main op-A 24th"]
[Site "Bad Homburg"]
[Date "2022.06.16"]
[Round "2"]
[White "Kuhn, Gerhard"]
[Black "Hipler, Andreas"]
[Result "1/2-1/2"]
[WhiteElo "1972"]
[BlackElo "1802"]
[PlyCount "88"]
[EventDate "2022.06.15"]
[EventType "swiss"]
[EventRounds "7"]
[EventCountry "GER"]
[SourceTitle "EXT 2023"]
[Source "ChessBase"]
[SourceDate "2022.10.05"]
[SourceVersion "1"]
[SourceVersionDate "2022.10.05"]
[SourceQuality "1"]

1. e4 d5 2. exd5 Qxd5 3. Nc3 Qd6 4. d4 Nf6 5. Bd3 c6 6. Nge2 e6 7. Bf4 Qd8 8. Qd2 Bd6 9. Ne4 Nxe4 10. Bxe4 Qc7 11. g3 Nd7 12. 0-0 e5 13. dxe5 Bxe5 14. Rad1 Bxf4 15. Nxf4 Nf6 16. Bg2 0-0 17. Qc3 Bf5 18. Qc5 Bd7 19. Rd2 b6 20. Qd6 Rac8 21. Nh5 Nxh5 22. Qxd7 Nf6 23. Qxc7 Rxc7 24. Re1 Rb8 25. Rd6 c5 26. c4 Kf8 27. Kf1 Re8 28. Red1 Ke7 29. Bh3 h6 30. R6d3 Rb8 31. b3 Re8 32. Re1+ Kf8 33. Rxe8+ Kxe8 34. f3 Ng8 35. Kf2 Ne7 36. Re3 Kf8 37. Rd3 Nc6 38. Rd6 Ke7 39. Rd3 Nd4 40. f4 Kf6 41. Re3 Re7 42. Rxe7 Kxe7 43. Bf1 a5 44. Bd3 Ke6 1/2-1/2

[Event "Heusenstamm Sparkassen op-A 6th"]
[Site "Heusenstamm"]
[Date "2019.11.22"]
[Round "2"]
[White "Zhou, Syang"]
[Black "Kuhn, Gerhard"]
[Result "1-0"]
[WhiteElo "2256"]
[BlackElo "1963"]
[PlyCount "81"]
[EventDate "2019.11.21"]
[EventType "swiss"]
[EventRounds "7"]
[EventCountry "GER"]
[SourceTitle "CBM 194 Extra"]
[Source "ChessBase"]
[SourceDate "2020.03.31"]
[SourceVersion "1"]
[SourceVersionDate "2020.03.31"]
[SourceQuality "1"]

1. b3 Nf6 2. Bb2 d5 3. c4 e6 4. Nf3 Be7 5. e3 0-0 6. Be2 Nbd7 7. 0-0 b6 8. cxd5 Nxd5 9. e4 Nf4 10. Bb5 Bb7 11. g3 Nh3+ 12. Kg2 Ng5 13. Nxg5 Bxg5 14. f3 Bf6 15. Bxf6 Qxf6 16. Nc3 Rad8 17. Qe2 Qd4 18. Rad1 c6 19. Ba6 Ba8 20. Qf2 Nc5 21. Bc4 b5 22. Be2 Rd7 23. Qxd4 Rxd4 24. Kf2 Rfd8 25. Ke3 Nd3 26. Nd5 c5 27. Bxd3 exd5 28. e5 Rb4 29. Rc1 c4 30. Bc2 d4+ 31. Kf2 d3 32. Bd1 cxb3 33. Bxb3 a5 34. Rc7 Rf8 35. Rfc1 Rd4 36. Rxf7 Rdd8 37. Rcc7 Rxf7 38. Bxf7+ Kf8 39. f4 Bd5 40. Bxd5 Rxd5 41. Ke3 1-0

[Event "Heusenstamm Sparkassen op-A 6th"]
[Site "Heusenstamm"]
[Date "2019.11.21"]
[Round "1"]
[White "Kuhn, Gerhard"]
[Black "Abel, Thomas"]
[Result "1/2-1/2"]
[WhiteElo "1963"]
[BlackElo "2342"]
[PlyCount "85"]
[EventDate "2019.11.21"]
[EventType "swiss"]
[EventRounds "7"]
[EventCountry "GER"]
[SourceTitle "CBM 193 Extra"]
[Source "ChessBase"]
[SourceDate "2020.01.31"]
[SourceVersion "1"]
[SourceVersionDate "2020.01.31"]
[SourceQuality "1"]

1. e4 Nf6 2. Nc3 d5 3. e5 Ne4 4. Nce2 Nc5 5. d4 Ne6 6. f4 c5 7. Nf3 Nc6 8. c3 g6 9. g3 cxd4 10. Nexd4 Nexd4 11. Nxd4 Qb6 12. Qb3 Qxb3 13. Nxb3 Bf5 14. Bg2 e6 15. Be3 Rc8 16. Kf2 Be7 17. Bf3 0-0 18. g4 Bc2 19. Nd4 Nxd4 20. cxd4 f5 21. g5 Be4 22. Rhc1 Bxf3 23. Kxf3 Kf7 24. Rxc8 Rxc8 25. Rc1 Rc4 26. b3 Rc6 27. Rxc6 bxc6 28. Ke2 Ke8 29. Kd3 Kd7 30. Bd2 Kc7 31. b4 Kb6 32. Kc2 Kb5 33. Kb3 Kb6 34. Ka4 Bf8 35. Be3 h6 36. h4 h5 37. Bf2 Be7 38. Be3 Bd8 39. Bf2 Kb7 40. Be3 Bb6 41. Bf2 Bc7 42. Be3 Kb6 43. Bf2 1/2-1/2

[Event "Rhein Main op-A 22nd"]
[Site "Bad Homburg"]
[Date "2019.06.20"]
[Round "2"]
[White "Dubiel, Jacek"]
[Black "Kuhn, Gerhard"]
[Result "1-0"]
[WhiteElo "2428"]
[BlackElo "1977"]
[PlyCount "97"]
[EventDate "2019.06.19"]
[EventType "swiss"]
[EventRounds "9"]
[EventCountry "GER"]
[SourceTitle "EXT 2020"]
[Source "ChessBase"]
[SourceDate "2019.10.17"]
[SourceVersion "1"]
[SourceVersionDate "2019.10.17"]
[SourceQuality "1"]

1. e4 c6 2. d4 d5 3. e5 c5 4. dxc5 Nc6 5. Bb5 e6 6. Be3 Nge7 7. c3 Bd7 8. Bxc6 Bxc6 9. Nf3 Nf5 10. Bd4 Nxd4 11. Qxd4 Be7 12. 0-0 0-0 13. Re1 Qc7 14. b4 b6 15. cxb6 axb6 16. Qd3 Rfc8 17. a3 Bd7 18. Ra2 Qc4 19. Qxc4 Rxc4 20. Rd2 h6 21. g3 Kh7 22. Nd4 Rc7 23. f4 h5 24. Kg2 g6 25. h3 Kg7 26. g4 hxg4 27. hxg4 Rh8 28. g5 Rcc8 29. Rh1 Rxh1 30. Kxh1 Ba4 31. Rh2 Bd7 32. Kg2 Ra8 33. Kf3 Rc8 34. Ke3 Ra8 35. Kd2 Rc8 36. Rh1 Ra8 37. Kc2 Be8 38. Kb2 Bd7 39. Nd2 Rc8 40. Nf1 Ra8 41. Ne3 Rc8 42. Ng4 Ra8 43. Nf6 Bxf6 44. gxf6+ Kg8 45. Nf3 Bb5 46. Ng5 Be8 47. Rh7 Ra7 48. Rg7+ Kh8 49. Nxe6 1-0

[Event "Hessen-chA"]
[Site "Frankfurt"]
[Date "2019.06.02"]
[Round "7"]
[White "Blaschke, Henri Johannes"]
[Black "Kuhn, Gerhard"]
[Result "0-1"]
[WhiteElo "1838"]
[BlackElo "1977"]
[PlyCount "62"]
[EventDate "2019.05.30"]
[EventType "swiss"]
[EventRounds "7"]
[EventCountry "GER"]
[SourceTitle "EXT 2020"]
[Source "ChessBase"]
[SourceDate "2019.10.17"]
[SourceVersion "1"]
[SourceVersionDate "2019.10.17"]
[SourceQuality "1"]

1. d4 Nf6 2. c4 g6 3. Nf3 Bg7 4. g3 0-0 5. Bg2 d5 6. cxd5 Nxd5 7. 0-0 Nc6 8. Nc3 Nb6 9. Bf4 Bg4 10. d5 Bxf3 11. Bxf3 Ne5 12. Bg2 Nec4 13. Bc1 c6 14. dxc6 bxc6 15. Qc2 Rc8 16. Rd1 Qc7 17. Bf4 e5 18. Bc1 Qe7 19. b3 Na3 20. Qb2 Nb5 21. Bd2 Rfd8 22. Nxb5 cxb5 23. Bc3 b4 24. Rxd8+ Rxd8 25. Be1 e4 26. Qc1 Bxa1 27. Qxa1 e3 28. Bf3 Qd6 29. fxe3 Qd1 30. Qxd1 Rxd1 31. Kf2 a5 0-1

[Event "Hessen-chA"]
[Site "Frankfurt"]
[Date "2019.06.01"]
[Round "6"]
[White "Kuhn, Gerhard"]
[Black "Goutham, Joshi"]
[Result "0-1"]
[WhiteElo "1977"]
[BlackElo "1839"]
[PlyCount "78"]
[EventDate "2019.05.30"]
[EventType "swiss"]
[EventRounds "7"]
[EventCountry "GER"]
[SourceTitle "EXT 2020"]
[Source "ChessBase"]
[SourceDate "2019.10.17"]
[SourceVersion "1"]
[SourceVersionDate "2019.10.17"]
[SourceQuality "1"]

1. e4 c5 2. c3 d5 3. exd5 Qxd5 4. d4 Nc6 5. Nf3 Bf5 6. Be2 Nf6 7. 0-0 e6 8. Na3 cxd4 9. Nb5 0-0-0 10. cxd4 a6 11. Nc3 Qd6 12. Be3 Be7 13. Rc1 Kb8 14. a3 Ng4 15. Qa4 Na7 16. Rfd1 Nxe3 17. fxe3 Rc8 18. Ne5 Bg5 19. Kf2 Rc7 20. g3 Rhc8 21. Qb3 Qe7 22. Bxa6 Qf6 23. Nf3 Bg4 24. Be2 Qh6 25. Na2 Nc6 26. Rc5 e5 27. h4 Be7 28. Rb5 e4 29. Ng1 Qf6+ 30. Ke1 Bxe2 31. Nxe2 Qf3 32. Rc1 Nxd4 33. Nxd4 Rxc1+ 34. Nxc1 Qxg3+ 35. Kd2 Qf2+ 36. Nce2 Rc7 37. Qd5 Bxh4 38. Qxe4 Qe1+ 39. Kd3 Qd1# 0-1

[Event "GER OS-377 email"]
[Site "GER email"]
[Date "2019.06.01"]
[Round "?"]
[White "Ramus, Norbert"]
[Black "Kuhn, Gerhard"]
[Result "0-1"]
[WhiteElo "1389"]
[BlackElo "1681"]
[PlyCount "64"]
[EventDate "2019.06.09"]
[EventType "tourn (corr)"]
[EventRounds "6"]
[EventCountry "GER"]
[SourceTitle "Corr 2022"]
[Source "ChessBase"]
[SourceDate "2021.10.24"]
[SourceVersion "1"]
[SourceVersionDate "2021.10.24"]
[SourceQuality "1"]

1. d4 e6 2. c4 d5 3. Nc3 Nf6 4. Bg5 Be7 5. e3 0-0 6. Nf3 h6 7. Bh4 b6 8. cxd5 Nxd5 9. Bxe7 Qxe7 10. Nxd5 exd5 11. Rc1 Be6 12. Qa4 c5 13. Qa3 Rc8 14. Be2 Nd7 15. 0-0 Qf8 16. dxc5 bxc5 17. Rfd1 a5 18. Rc2 a4 19. Bb5 Nf6 20. Ne5 Ra5 21. Be2 c4 22. Qxf8+ Kxf8 23. a3 Bf5 24. Rcd2 Ne4 25. Rxd5 Rxd5 26. Rxd5 c3 27. Nd3 Bg6 28. Rb5 c2 29. Nc1 Rd8 30. Bd3 Nc3 31. bxc3 Bxd3 32. Rb4 Bc4 0-1

[Event "Hessen-chA"]
[Site "Frankfurt"]
[Date "2019.05.31"]
[Round "3"]
[White "Kosak, Matjaz"]
[Black "Kuhn, Gerhard"]
[Result "0-1"]
[WhiteElo "1869"]
[BlackElo "1977"]
[PlyCount "70"]
[EventDate "2019.05.30"]
[EventType "swiss"]
[EventRounds "7"]
[EventCountry "GER"]
[SourceTitle "EXT 2020"]
[Source "ChessBase"]
[SourceDate "2019.10.17"]
[SourceVersion "1"]
[SourceVersionDate "2019.10.17"]
[SourceQuality "1"]

1. e4 c6 2. d4 d5 3. exd5 cxd5 4. Bd3 Nc6 5. c3 Nf6 6. Bf4 Bg4 7. Qb3 Qc8 8. Nd2 e6 9. Ngf3 Be7 10. 0-0 0-0 11. Ne5 Bh5 12. Qc2 a6 13. a4 Bg6 14. Nxg6 hxg6 15. Nf3 Qd8 16. Rae1 Rc8 17. Ng5 Nxd4 18. Qb1 Nf5 19. Nxe6 fxe6 20. Rxe6 Rc6 21. Bxf5 gxf5 22. Rxc6 bxc6 23. Qxf5 Qd7 24. Qg6 Ne4 25. Bh6 Bc5 26. Be3 Bxe3 27. fxe3 Rxf1+ 28. Kxf1 Qf7+ 29. Qxf7+ Kxf7 30. Ke2 Ke6 31. a5 Ke5 32. h4 c5 33. g4 c4 34. h5 Kf6 35. Kf3 Kg5 0-1

[Event "Hessen-chA"]
[Site "Frankfurt"]
[Date "2019.05.30"]
[Round "2"]
[White "Kuhn, Gerhard"]
[Black "Yaghy, Ritta"]
[Result "1/2-1/2"]
[WhiteElo "1977"]
[BlackElo "1783"]
[PlyCount "24"]
[EventDate "2019.05.30"]
[EventType "swiss"]
[EventRounds "7"]
[EventCountry "GER"]
[SourceTitle "EXT 2020"]
[Source "ChessBase"]
[SourceDate "2019.10.17"]
[SourceVersion "1"]
[SourceVersionDate "2019.10.17"]
[SourceQuality "1"]

1. e4 c5 2. c3 Nf6 3. e5 Nd5 4. d4 cxd4 5. cxd4 Nc6 6. Nf3 e6 7. a3 d6 8. Bd3 Qc7 9. 0-0 Bd7 10. Re1 h6 11. b4 a6 12. Nbd2 dxe5 1/2-1/2

[Event "GER OS-376 email"]
[Site "GER email"]
[Date "2019.05.19"]
[Round "?"]
[White "Guenther, Rainer"]
[Black "Kuhn, Gerhard"]
[Result "0-1"]
[WhiteElo "1179"]
[BlackElo "1720"]
[PlyCount "74"]
[EventDate "2019.05.28"]
[EventType "tourn (corr)"]
[EventRounds "6"]
[EventCountry "GER"]
[SourceTitle "Corr 2022"]
[Source "ChessBase"]
[SourceDate "2021.10.24"]
[SourceVersion "1"]
[SourceVersionDate "2021.10.24"]
[SourceQuality "1"]

1. e4 d6 2. d4 Nf6 3. Nc3 g6 4. Nf3 Bg7 5. h3 0-0 6. Bd3 Nc6 7. Be3 e5 8. d5 Ne7 9. Qd2 c6 10. dxc6 bxc6 11. Bh6 Rb8 12. Bxg7 Kxg7 13. b3 h6 14. 0-0 Be6 15. Rfe1 Qc7 16. Nh2 Nh5 17. Ng4 Rh8 18. Ne2 Rbd8 19. Rad1 d5 20. Qe3 Bxg4 21. hxg4 Nf6 22. f3 dxe4 23. Bxe4 Ned5 24. Bxd5 cxd5 25. c3 Rhe8 26. g5 hxg5 27. Qxg5 Qb6+ 28. Kf1 Nh7 29. Qh4 f5 30. g4 fxg4 31. f4 Nf6 32. f5 Rh8 33. Qg5 Rh1+ 34. Kg2 Rh2+ 35. Kxh2 Qf2+ 36. Kh1 Rh8+ 37. Qh6+ Rxh6# 0-1

[Event "GER OS-369 email"]
[Site "GER email"]
[Date "2019.03.17"]
[Round "?"]
[White "Kuhn, Gerhard"]
[Black "Ramus, Norbert"]
[Result "1/2-1/2"]
[WhiteElo "1726"]
[BlackElo "1342"]
[PlyCount "53"]
[EventDate "2019.03.26"]
[EventType "tourn (corr)"]
[EventRounds "6"]
[EventCountry "GER"]
[SourceTitle "Corr 2022"]
[Source "ChessBase"]
[SourceDate "2021.10.24"]
[SourceVersion "1"]
[SourceVersionDate "2021.10.24"]
[SourceQuality "1"]

1. d4 d5 2. Bf4 Nf6 3. e3 e6 4. Nf3 Bd6 5. Bg3 0-0 6. Nbd2 b6 7. Bd3 Bb7 8. Bxd6 cxd6 9. c3 Nbd7 10. Qc2 e5 11. Be2 Re8 12. 0-0 Qc7 13. a4 Ne4 14. Rfc1 Rac8 15. a5 Nxd2 16. Qxd2 e4 17. axb6 Qd8 18. Ne1 Qxb6 19. Qc2 f5 20. Qa4 Nf6 21. Ra2 Ra8 22. Qa5 Bc6 23. Nc2 Reb8 24. Nb4 Bb5 25. Bxb5 Qxb5 26. Rca1 Qb7 27. Qa6 1/2-1/2

[Event "GER OS-369 email"]
[Site "GER email"]
[Date "2019.03.17"]
[Round "?"]
[White "Kunze, Juergen"]
[Black "Kuhn, Gerhard"]
[Result "1-0"]
[WhiteElo "1980"]
[BlackElo "1726"]
[PlyCount "45"]
[EventDate "2019.03.26"]
[EventType "tourn (corr)"]
[EventRounds "6"]
[EventCountry "GER"]
[SourceTitle "Corr 2022"]
[Source "ChessBase"]
[SourceDate "2021.10.24"]
[SourceVersion "1"]
[SourceVersionDate "2021.10.24"]
[SourceQuality "1"]

1. Nf3 Nf6 2. g3 d5 3. c4 c6 4. d4 dxc4 5. Bg2 g6 6. Qc2 b5 7. 0-0 Bf5 8. Qd2 Bg7 9. a4 a5 10. Na3 Qb6 11. axb5 cxb5 12. Ng5 Ra6 13. e4 Bc8 14. e5 Ng4 15. Ne4 0-0 16. h3 Nh6 17. Nc5 Ra7 18. g4 Nc6 19. Qd1 Rd8 20. Be3 Nxe5 21. dxe5 Rxd1 22. Raxd1 Bxe5 23. Na4 1-0

[Event "GER OS-368 email"]
[Site "GER email"]
[Date "2019.03.08"]
[Round "?"]
[White "Kuhn, Gerhard"]
[Black "Ramus, Norbert"]
[Result "1/2-1/2"]
[WhiteElo "1726"]
[BlackElo "1342"]
[PlyCount "37"]
[EventDate "2019.03.17"]
[EventType "tourn (corr)"]
[EventRounds "6"]
[EventCountry "GER"]
[SourceTitle "Corr 2022"]
[Source "ChessBase"]
[SourceDate "2021.10.24"]
[SourceVersion "1"]
[SourceVersionDate "2021.10.24"]
[SourceQuality "1"]

1. d4 d5 2. c4 e6 3. Nc3 Nf6 4. Bg5 Be7 5. e3 0-0 6. Nf3 h6 7. Bh4 b6 8. cxd5 Nxd5 9. Bxe7 Qxe7 10. Nxd5 exd5 11. Be2 Be6 12. 0-0 c5 13. dxc5 bxc5 14. Ne5 Nd7 15. Nxd7 Qxd7 16. Rc1 Rac8 17. Qd2 Qb7 18. Rfd1 Rfd8 19. b3 1/2-1/2

[Event "Innsbruck op-B 2nd"]
[Site "Innsbruck"]
[Date "2018.08.31"]
[Round "8"]
[White "Kuhn, Gerhard"]
[Black "Reginato, Mauro"]
[Result "1/2-1/2"]
[WhiteElo "1974"]
[BlackElo "1887"]
[PlyCount "52"]
[EventDate "2018.08.24"]
[EventType "swiss"]
[EventRounds "9"]
[EventCountry "AUT"]
[SourceTitle "CBM 186 Extra"]
[Source "ChessBase"]
[SourceDate "2018.08.24"]
[SourceVersion "1"]
[SourceVersionDate "2018.08.24"]
[SourceQuality "1"]

1. d4 d5 2. Nf3 Nf6 3. e3 e6 4. Bd3 c5 5. b3 cxd4 6. exd4 Bd6 7. Nbd2 Nbd7 8. Bb2 0-0 9. 0-0 Nh5 10. Re1 Nf4 11. Bf1 a6 12. g3 Ng6 13. Bd3 Qf6 14. Qe2 b6 15. Ne5 Bxe5 16. dxe5 Qd8 17. Qh5 Nc5 18. Bf1 Bb7 19. Bg2 Rc8 20. Qe2 Qc7 21. Rac1 Rfd8 22. Bd4 a5 23. Qe3 Ne7 24. Bh3 Nc6 25. Bxc5 bxc5 26. Bg2 Ne7 1/2-1/2